| 000 | 00473pab a2200181 454500 | ||
|---|---|---|---|
| 008 | 180718b2008 xxu||||| |||| 00| 0 eng d | ||
| 100 | _aJena, Manipadma | ||
| 245 | _aFood insecurity among tribal communities in Orissa | ||
| 260 | _c2008 | ||
| 300 | _ap.18-21. | ||
| 362 | _a9 Feb | ||
| 650 | _aTribes - India - Orissa | ||
| 650 | _aFood supply - India - Orissa | ||
| 650 | _aFood supply | ||
| 773 | _aEconomic and Political Weekly | ||
| 908 | _aN | ||
| 909 | _a77187 | ||
| 999 |
_c77187 _d77187 |
||